| 000 | 00669nam a2200229 i 4500 | ||
|---|---|---|---|
| 001 | 55866 | ||
| 003 | ES-MaACL | ||
| 005 | 20230906163231.0 | ||
| 007 | t| | ||
| 008 | 030929s1977 sp ||||1| spa d | ||
| 100 | 1 |
_aDíaz, M. _944143 |
|
| 245 | 1 | 0 |
_aIntroducción al diseño asistido por ordenador de circuitos electrónicos / _cM. Díaz, E. Lora-Tamayo, L. Pun. |
| 250 | _a[1ª ed.]. | ||
| 260 |
_a[Madrid] : _bAlhambra, _c[1977] |
||
| 300 |
_aVIII, 202 p. : _bil. ; _c24 cm. |
||
| 490 | 1 | _aVertix | |
| 700 | 1 |
_aLora-Tamayo, E. _974058 |
|
| 700 | 1 |
_aPun, L. _994403 |
|
| 830 | 0 |
_aVertix _9180780 |
|
| 852 |
_aES-MaACL _jA-7751 _bR.96933 |
||
| 999 |
_c55866 _d55866 |
||